Hints to settlers on Sun River Project, Mont.

Bibliographic Details
Corporate Author: United States. Bureau of Plant Industry
Other Authors: Cotton, J. S., Remington, W. A.
Format: Government Document eBook
Language:English
Published: Washington, D.C. : [publisher not identified], 1909.
Series:Plant Industry Bur. Doc. No. 462
Subjects:
Online Access:Connect to the full text of this electronic document

MARC

Tag First Indicator Second Indicator Subfields
LEADER 00000cam a22000001a 4500
001 in00003624321
005 20190408171852.0
006 m o d f
007 cr bn mmmapmmp
008 011112s1909 dcu o f000 0 eng d
035 |a ebd1909402656 
040 |a UMI  |c UMI  |d UtOrBLW 
086 0 |a A 19.9:Su 7 
099 |a A1909-4 
245 0 0 |a Hints to settlers on Sun River Project, Mont. 
264 1 |a Washington, D.C. :  |b [publisher not identified],  |c 1909. 
300 |a 1 online resource (7 pages) 
336 |a text  |b txt  |2 rdacontent 
337 |a computer  |b c  |2 rdamedia 
338 |a online resource  |b cr  |2 rdacarrier 
490 0 |a Plant Industry Bur. Doc. No. 462 
500 |a [On farming of project lands, with tips for crop selection]. 
500 |a Record is based on bibliographic data in ProQuest U.S. Executive Branch Documents, 1789-1909. Reuse except for individual research requires license from ProQuest, LLC. 
533 |a Electronic reproduction.  |b [Bethesda, Md.] :  |c ProQuest,  |d 2012.  |e digital, PDF file.  |n ProQuest U.S. Executive Branch Documents, 1789-1909.  |n Mode of access: World Wide Web via ProQuest website. 
538 |a System requirements: PDF reader software. 
500 |a Electronic resource. 
610 2 0 |a Sun River Irrigation Project (U.S.)  |0 http://id.loc.gov/authorities/names/n85088349 
655 7 |a Electronic books.  |2 local 
700 1 |a Cotton, J. S.  |0 http://id.loc.gov/authorities/names/n89617838 
700 1 |a Remington, W. A. 
710 1 |a United States.  |b Bureau of Plant Industry.  |0 http://id.loc.gov/authorities/names/n80145310 
776 1 8 |i Microfiche version:  |t Hints to settlers on Sun River Project, Mont.  |o CIS US Exec MF A1909-4  |w (ProQuest)cis19043157 
856 4 0 |u http://proxy.library.tamu.edu/login?url=http://congressional.proquest.com/congressional/docview/t66.d71.a1909-4  |z Connect to the full text of this electronic document  |t 0 
999 f f |s 8cff1f4b-437a-3e34-bf6f-f52ba150b39e  |i 52190644-514a-391b-b0e9-9f48a41e8db4  |t 0 
952 f f |a Texas A&M University  |b College Station  |c Electronic Resources  |d Available Online  |t 0  |h No information provided 
998 f f |t 0  |l Available Online